<?xml version="1.0" encoding="UTF-8"?>
<collection xmlns="http://www.loc.gov/MARC21/slim">
 <record>
  <leader>     na                 </leader>
  <controlfield tag="001">INLIS000000000004302</controlfield>
  <controlfield tag="005">20140317114102.0</controlfield>
  <controlfield tag="006">a           ||| | </controlfield>
  <controlfield tag="008">180719|                      ||| | id   </controlfield>
  <datafield tag="020" ind1=" " ind2=" ">
   <subfield code="a">978-979-22-4153-2</subfield>
  </datafield>
  <datafield tag="035" ind1=" " ind2=" ">
   <subfield code="a">0010-031300000004302</subfield>
  </datafield>
  <datafield tag="041" ind1=" " ind2=" ">
   <subfield code="a">id</subfield>
  </datafield>
  <datafield tag="082" ind1="0" ind2=" ">
   <subfield code="a">641.865 3</subfield>
  </datafield>
  <datafield tag="090" ind1=" " ind2=" ">
   <subfield code="a">641.865 3 HID r</subfield>
  </datafield>
  <datafield tag="100" ind1="0" ind2=" ">
   <subfield code="a">koko hidayat</subfield>
  </datafield>
  <datafield tag="245" ind1="0" ind2="0">
   <subfield code="a">Roti Ensaymada : Roti ala philipina</subfield>
  </datafield>
  <datafield tag="260" ind1=" " ind2=" ">
   <subfield code="a">Jakarta</subfield>
   <subfield code="b">PT Gramedia pustaka utama</subfield>
   <subfield code="c">2008</subfield>
  </datafield>
  <datafield tag="650" ind1=" " ind2="0">
   <subfield code="a">Roti ensaymada</subfield>
  </datafield>
 </record>
</collection>
